000 00478nam a22001695i 4500
001 48113
003 ES-MaACL
005 20230906161709.0
007 t|
008 950706s1860 fr ||||1| fre d
040 _aCAM
_bspa
_cCAM
100 1 _aChaignet, Antelme Edouard.
_937792
245 1 4 _aLes principes de la science du beau /
_cpar A. Ed. Chaignet.
260 _aParis :
_bAuguste Durand,
_c1860.
300 _aVIII, 681, [2] p. ;
_c23 cm.
852 _aES-MaACL
_jD-4589
999 _c48113
_d48113